00806nam a2200217 a 450000100100000000500170001000800410002704000130006808200200008110000340010124500590013526000580019430000270025249000350027965000280031465000310034283000420037391000380041595201180045399900170057100002813820240412074253.0091002s1993 dr a 001 0 spa d aDO-SdBNP aRD861.44bC679r1 aCoiscou Weber, Rodolfo91973910aRetorno al origen sin origen /cRodolfo Coiscou Weber. aSanto Domingo :bUniversidad Central del Este,c1993. a52 p. :bil. ;c22 cm.1 aAntología de nuestra vozv48 0aPoesía dominicana966 0aLiteratura dominicana.967 0aAntología de nuestra vozn48924856 aValidado. Control de calidad. MFF 0010718PDaPDbPDcHDd2011-04-07iLF1l0oRD861.44 C679rp28138-10r2020-06-25w2020-06-25yLFPDZNo se presta c27630d27630